Truyện Lục Vân Tiên

Gardado en:
Detalles Bibliográficos
Autor Principal: Nguyễn Đình Chiểu
Formato: Libro
Idioma:Undetermined
Publicado: Hà Nội Tân Việt 1942
Những chủ đề:
Các nhãn: Engadir etiqueta
Sen Etiquetas, Sexa o primeiro en etiquetar este rexistro!
Thư viện lưu trữ: Trung tâm Học liệu Trường Đại học Cần Thơ
LEADER 00497nam a2200169Ia 4500
001 CTU_47303
008 210402s9999 xx 000 0 und d
082 |a 895.9221 
082 |b Ch309 
100 |a Nguyễn Đình Chiểu 
245 0 |a Truyện Lục Vân Tiên 
245 0 |c Nguyễn Đình Chiểu 
260 |a Hà Nội 
260 |b Tân Việt 
260 |c 1942 
650 |a vietnamese poetry - 19th century 
980 |a Trung tâm Học liệu Trường Đại học Cần Thơ